Score 0/20 Timer 02:00
21 Plays Today
% Correct
Dream
93.7%
Day
93.4%
Fly
93.1%
Die
92.7%
Gravity
92.4%
Dream
92.2%
Day
91.4%
Wait
89.6%
Fit
89%
Wait
89%
% Correct
Line
88.3%
Score
86.8%
Line
86.5%
Fly
83.8%
Fit
82.9%
Score
77.8%
Live
71.6%
Live
63.2%
Gravity
60.2%
Die
59.8%
Remove Ads.
Support Sporcle.
Get the best of Sporcle when you Go Orange. This ad-free experience offers more features, more stats, and more fun while also helping to support Sporcle. Thank you for becoming a member.

You're not logged in!

Compare scores with friends on all Sporcle quizzes.
OR
Log In

Show Comments

Extras

Top Quizzes Today


Score Distribution

Your Account Isn't Verified!

In order to create a playlist on Sporcle, you need to verify the email address you used during registration. Go to your Sporcle Settings to finish the process.

Report this User

Report this user for behavior that violates our Community Guidelines.

Details: